000 01004nam a22002537a 4500
008 240610b mp ||||| |||| 00| 0 mon d
020 _a978-9919-517-42-7
035 _a25380
040 _aUVS1285160
_bmon
_cMN-UlNLM
_dMN-UlNLM
_erda
041 _amon
042 _a75120
084 _2NNA
_a83.7-80
_bТ 594
100 _aТөрмөнх Б.
245 0 _aД.Нацагдорж
264 _aУлаанбаатар хот
_bАдмон Принт ХХК
_c2022
300 _a62х.
336 _2rdacontent
_atext
_btxt
337 _2rdamedia
_aunmediated
_bn
338 _2rdacarrier
_avolume
_bnc
490 _aМонгол хүн
650 _aХорьдугаар зууны эхээр анх Орос, Германд боловсрол эзэмшсэн хүмүүсийн нэг болох Нацагдорж нь харанхуй бүдүүлэг ард олны дунд, үз...
942 _2NNA
_cBK
999 _c948107
_d948164